00544nam a2200181Ia 4500003000900000008004100009020001800050040001600068080001700084100002500101245012100126260003800247300001700285650001300302650001200315650001500327650002000342IN-BaIIA211028s9999 xx 000 0 eng d a0-85656-025-1 cIIA Library a52(091)bHUT aHutchinson, E. W.  0aRevolution in siam 1688bthe memoir of Father de BezecE. W. Hutchinson  aHong KongbUniversity Pressc1968 axxiii, 179p. adee Beze aMemoirs aRevolution aSiam Revolution